000 00538nam a2200181 i 4500
001 59611
003 ES-MaACL
005 20230906164051.0
007 t|
008 031030s1968 sp ||||1| spa d
100 1 _aElves, Michel W.
_947122
245 1 4 _aLos linfoncitos /
_cpor Michel W. Elves ; versión, H. Bozzi de Pelèz.
250 _a[1ª ed.].
260 _aBarcelona :
_bToray,
_c[1968]
300 _aVIII, 336 p., 2 lám. :
_bil. ;
_c22 cm.
700 1 _aBozzi de Pélaez, H.
_9126139
852 _aES-MaACL
_jC-35201
_bR.68409
999 _c59611
_d59611